इसे छोड़कर सामग्री पर बढ़ने के लिए
Inicio
Centros participantes
Catálogo
Servicios
Contacto
लॉग इन करें
English
Deutsch
Español
Français
Italiano
日本語
Nederlands
Português
Português (Brasil)
中文(简体)
中文(繁體)
Türkçe
עברית
Gaeilge
Cymraeg
Ελληνικά
Català
Euskara
Русский
Čeština
Suomi
Svenska
polski
Dansk
slovenščina
اللغة العربية
বাংলা
Galego
Tiếng Việt
Hrvatski
हिंदी
Հայերէն
Українська
Sámegiella
भाषा
सभी फ़ील्ड्स
शीर्षक
लेखक
विषय
बोधानक
आईएसबीएन / आईएसएसएन
टैग
खोज
उन्नत
América Latina frente a la cri...
इसे उद्धृत करें
इसे ईमेल करें
प्रिंट
निर्यात रिकॉर्ड
को निर्यात RefWorks
को निर्यात EndNoteWeb
को निर्यात EndNote
सूची में सहेजें
स्थायी लिंक
पहली रेटिंग जोड़ें
América Latina frente a la crisis centroamericana: una propuesta de paz informe -resumen /
में बचाया:
ग्रंथसूची विवरण
निगमित लेखकों:
APEP
,
IPRI CRIES PNUP
स्वरूप:
मूलपाठ
प्रकाशित:
Lima:
APEP
टैग:
टैग जोड़ें
कोई टैग नहीं, इस रिकॉर्ड को टैग करने वाले पहले व्यक्ति बनें!
होल्डिंग्स
विवरण
टिप्पणियाँ
समान संसाधन
स्टाफ के लिए
MARC
LEADER
00000 a a2200000 04500
001
22752
003
040
090
|a
156400
110
|a
APEP
245
|a
América Latina frente a la crisis centroamericana: una propuesta de paz informe -resumen /
|c
APEP
260
|a
Lima:
|b
APEP
300
|a
58 p.
710
|a
IPRI
|a
CRIES
|a
PNUP
999
|c
15438
|d
15438
समान संसाधन
Proyecto REDCAP (Red Centroamericana de plaguicidas) /
द्वारा: Wesseling, Catharina
Informe de plaguicidas de El Salvador
A sine of the times: the decline of the U.S. preoccupation with Central America
द्वारा: Nuccio, Richard
Revolución y mesianismo: formas de resistencia a la integración nacional
द्वारा: Guionneau - Sinclair, Françoise
Control democrático de la gestión económica /
द्वारा: Ayrton, Fausto